Sweden Euro 2020 Squad - Statistics

General Stats
  • This quiz has been taken 572 times
    564 since last reset
  • The average score is 13 of 27
Answer Stats
# Position Player % Correct
11 FW Alexander Isak
89%
10 MF Emil Forsberg
83%
1 GK Robin Olsen
82%
3 DF Victor Lindelöf
79%
21 MF Dejan Kulusevski
62%
9 FW Marcus Berg
62%
7 MF Sebastian Larsson
62%
25 FW Jordan Larsson
61%
4 DF © Andreas Granqvist
59%
8 MF Albin Ekdal
56%
6 DF Ludwig Augustinsson
56%
20 MF Kristoffer Olsson
55%
2 DF Mikael Lustig
55%
Manager Janne Andersson
49%
22 FW Robin Quaison
46%
17 MF Viktor Claesson
46%
16 DF Emil Krafth
44%
24 DF Marcus Danielson
34%
18 DF Pontus Jansson
34%
23 GK Kristoffer Nordfeldt
33%
13 MF Gustav Svensson
32%
14 DF Filip Helander
30%
26 MF Jens Cajuste
29%
19 MF Mattias Svanberg
26%
12 GK Karl-Johan Johnsson
24%
5 DF Pierre Bengtsson
23%
15 MF Ken Sema
20%
No matching quizzes found
Score Distribution
Percent of People with Each Score
Percentile by Number Answered
Your Score History
You have not taken this quiz since the last reset